01590nam a2200421 i 450000100060000000300080000600500170001400600190003100700150005000800410006502000180010603500230012403500240014703500250017103500210019604000310021705000220024808000070027008200140027710000310029124501030032226400550042530000410048033600310052133700330055233800430058549000300062850000220065858801230068059001640080365000230096765000220099065500270101279700190103983000310105885600620108999900170115171823FlNmELB20241217143331.0m o d | cr cnu||||||||150511s2008 mx o 001 0 spa d z9786077640059 a(MiAaPQ)EBC3227137 a(Au-PeEL)EBL3227137 a(CaPaEBR)ebr11002529 a(OCoLC)992041968 aFINmELBbspaerdacFINmELB 4aZ1003b.A687 2008 a020 a028.92231 aArgüelles, Juan Domingo.10aDel libro, con el libro, por el libro ... pero más allá del libro /cJuan Domingo Argüelles. 1aMéxico D. F. :bEdiciones del Ermitaño,c2008. a1 recurso en línea (134 páginas) atextobtxt2rdacontent/spa acomputadorabc2rdamedia/spa arecurso en líneabcr2rdacarrier/spa1 aYo medito, tú me editas aIncluye índice. aDescripción basada en recurso en línea; Título de la página del título en PDF (e-libro, visto May 11, 2015). aRecurso electrónico. Santa Fe, Arg.: e-libro, 2015. Disponible vía World Wide Web. El acceso puede estar limitado para las bibliotecas afiliadas a e-libro. 0aBooks and reading. 4aLibros y lectura. 4aLibros electrónicos.2 ae-libro, Corp. 0aYo medito, tú me editas.40uhttps://elibro.net/ereader/politecnicointernacional/40675 c71823d71823